000 00857nam a22002537a 4500
003 OSt
005 20240110151354.0
008 240110b |||||||| |||| 00| 0 eng d
020 _a9789966405050
040 _aDLC
_cCarP
_dDLC
050 0 0 _aBS325
_b.S9 1997
130 _aBible. Swahili. 1997.
_955819
245 1 0 _aMaandiko matakatifu ya Mungu yaitwayo Biblia, yaani Agano la Kale na Agano Jipya.
260 _aDodoma, Tanzania :
_bBible Society of Tanzania,
260 _aNairobi, Kenya :
_bBible Society of Kenya,
_cc1997.
300 _a985, 273 p.
_bmaps.
500 _a[Africana]
630 _aBible.
_lSwahili.
_955820
650 _aSwahili language
_vTexts.
_955821
710 _aBible Society of Tanzania.
_955822
710 _aBible Society of Kenya.
_955779
906 _a0
_bcbc
_cpremunv
_du
_encip
_f19
_gy-gencatlg
942 _2lcc
_cAFR(R)
999 _c67811
_d67785